Normal view
MARC view
- البغدادي، قدامة
Entry Personal Name
001 - CONTROL NUMBER
- control field: 7724
003 - CONTROL NUMBER IDENTIFIER
- control field: JO-AjAnu
005 - DATE AND TIME OF LATEST TRANSACTION
- control field: 20230606071540.0
008 - FIXED-LENGTH DATA ELEMENTS
- fixed length control field: 230606|| aca||aabn | a|a d
040 ## - CATALOGING SOURCE
- Original cataloging agency: JO-AjAnu
- Transcribing agency: JO-AjAnu
100 ## - HEADING--PERSONAL NAME
- Personal name: البغدادي، قدامة
670 ## - SOURCE DATA FOUND
- Source citation: Work cat.: (JO-AjAnu)3993: البغدادي، قدامة, author, كتاب النقد النثر لأبي الفرج قدامة بن جعفر الكاتب البغدادي